| 000 | 00364 a2200121 4500 | ||
|---|---|---|---|
| 001 | ART_12957 | ||
| 005 | 20260410161734.0 | ||
| 008 | 260409a | ||
| 245 | 1 | 0 | _aEscenas de la vida política y economía |
| 100 | 1 | _aPablo, Juan Carlos de | |
| 700 | 1 | _aBotana, Natalio | |
| 773 | 0 |
_tEjecutivos de finanzas _g- Año 8, Nº 77 (jul. 1991) _wREV2863 |
|
| 999 |
_c18145 _d18145 |
||